[Event "Ch Kazakhstan (1/2 final)"]
[Site "masterchessopen.com Pavlodar (Kazakhstan)"]
[Date "2012.02.29"]
[Round "9"]
[White "Zhunussov Bibek (KAZ)"]
[Black "Ibrayev G (KAZ)"]
[Result "1-0"]
[WhiteElo "2165"]
[BlackElo "2196"]

1.d4 Nf6 2.c4 g6 3.Nc3 Bg7 4.e4 d6 5.Nf3 O-O 6.Be2 e5 7.O-O Nc6 8.d5 Ne7 9.b4
a5 10.Ba3 axb4 11.Bxb4 Nd7 12.a4 h6 13.a5 f5 14.Nd2 Nf6 15.c5 fxe4 16.cxd6
cxd6 17.Nc4 Nf5 18.Nb5 Nd4 19.Ncxd6 Nxd5 20.Bc4 Be6 21.Nxd4 exd4 22.Qb3 Qg5
23.Nxe4 Qe5 24.Bxf8 Rxf8 25.Nc5 {#r} 1-0

[Event "Ch Lithuania (juniors) (under 18)"]
[Site "masterchessopen.com Panevezys (Lithuania)"]
[Date "2007.03.25"]
[Round "4"]
[White "Slikas Laurynas (LTU)"]
[Black "Adomavicius Aurimas (LTU)"]
[Result "1-0"]
[WhiteElo "1958"]
[BlackElo "1737"]

1.d4 Nf6 2.c4 g6 3.Nc3 Bg7 4.e4 d6 5.Be2 O-O 6.Nf3 e5 7.O-O Nc6 8.d5 Ne7 9.b4
a5 10.bxa5 c5 11.dxc6 Nxc6 12.Be3 Rxa5 13.Rb1 Ra6 14.Qc2 Qe7 15.Rfd1 Be6
16.Nb5 Ne8 17.a4 f5 18.c5 f4 19.cxd6 Qd7 20.Bc5 h6 21.Nc7 Nxc7 22.Rxb7 {#r}
1-0

[Event "Ch Macedonia"]
[Site "masterchessopen.com Macedonia"]
[Round "12"]
[White "Bogdanovski Vlatko (MKD)"]
[Black "Gicov Zoran (MKD)"]
[Result "1-0"]
[WhiteElo "2418"]
[BlackElo "2240"]

1.d4 Nf6 2.Nf3 g6 3.c4 Bg7 4.Nc3 O-O 5.e4 d6 6.Be2 e5 7.O-O Nc6 8.d5 Ne7 9.b4
Nh5 10.g3 f5 11.Ng5 Nf6 12.f3 f4 13.Kg2 fxg3 14.hxg3 Nh5 15.Rh1 h6 16.Ne6 Bxe6
17.dxe6 Nc6 18.Nd5 Re8 19.c5 Nd4 20.e7 {#r} 1-0

[Event "Ch Mallorca (preferente)"]
[Site "masterchessopen.com Palma de Majorca (Spain)"]
[Round "8"]
[White "Planas Gene Juan (ESP)"]
[Black "Astorga Talavera Francisco (ESP)"]
[Result "0-1"]
[WhiteElo "2224"]
[BlackElo "1977"]

1.d4 Nf6 2.c4 g6 3.Nc3 Bg7 4.e4 d6 5.Nf3 O-O 6.Be2 e5 7.O-O Nc6 8.d5 Ne7 9.b4
Ne8 10.c5 f5 11.Ng5 h6 12.Ne6 Bxe6 13.dxe6 fxe4 14.Qb3 d5 15.Rd1 Nf6 16.f3
exf3 17.Bxf3 c6 18.Bb2 Qc8 19.Re1 e4 20.Bd1 Qxe6 21.Bc2 Qf7 22.Rad1 Ng4 {#R}
0-1

[Event "Ch Montenegro (team) (2 liga)"]
[Site "masterchessopen.com Andrijevica (Montenegro)"]
[Date "2011.09.11"]
[Round "4"]
[White "Jovancevic Jovan"]
[Black "Gudelj Miljan"]
[Result "1-0"]
[WhiteElo "1928"]
[BlackElo "1703"]

1.d4 Nf6 2.c4 g6 3.Nc3 Bg7 4.e4 d6 5.Nf3 O-O 6.Be2 e5 7.O-O Nc6 8.d5 Ne7 9.b4
a5 10.Ba3 axb4 11.Bxb4 Nd7 12.Ne1 f5 13.Nd3 Nf6 14.f3 fxe4 15.fxe4 Bh6 16.c5
Be3+ 17.Kh1 Bd4 18.cxd6 cxd6 19.Bf3 b6 20.a4 Ba6 21.Rc1 Bc5 22.Bxc5 bxc5
23.Be2 Qa5 24.Nb2 Nd7 25.Bxa6 Rxf1+ 26.Bxf1 {#r} 1-0

[Event "Ch Moravia (open)"]
[Site "masterchessopen.com Prerov (Czech Republic)"]
[Round "0"]
[White "Zpevak Pavel (CZE)"]
[Black "Valenta Vit (CZE)"]
[Result "1-0"]
[WhiteElo "2392"]
[BlackElo "2161"]

1.d4 Nf6 2.c4 g6 3.Nc3 Bg7 4.e4 d6 5.Nf3 O-O 6.Be2 e5 7.O-O Nc6 8.d5 Ne7 9.b4
Nd7 10.Ba3 h6 11.c5 f5 12.Nd2 Nf6 13.b5 f4 14.Nc4 Ne8 15.Bb4 Rf6 16.a4 Bf8
17.a5 Rb8 18.b6 axb6 19.axb6 dxc5 20.bxc7 Qxc7 21.Nb5 Qd8 22.Bxc5 f3 23.Bxf3
Nc7 24.Nc3 Na6 25.Be3 b5 26.Nxe5 {#r} 1-0

[Event "Ch Netherlands (juniors) (under 20)"]
[Site "masterchessopen.com Leiden (Netherlands)"]
[Round "7"]
[White "Janssen Ruud (NED)"]
[Black "Solleveld Maarten (NED)"]
[Result "0-1"]
[WhiteElo "2448"]
[BlackElo "2404"]

1.Nf3 Nf6 2.c4 g6 3.Nc3 Bg7 4.e4 d6 5.d4 O-O 6.Be2 e5 7.O-O Nc6 8.d5 Ne7 9.b4
a5 10.Ba3 axb4 11.Bxb4 b6 12.a4 Ne8 13.Qb3 Rb8 14.Rfb1 f5 15.a5 bxa5 16.Rxa5
c5 17.dxc6 Rxb4 18.Qxb4 Nxc6 19.Qa4 Nxa5 20.Rb8 fxe4 21.Nxe4 Bd7 22.Qb4 Qc7
23.c5 d5 {#R} 0-1

[Event "Ch Netherlands (open) (juniors) (under 16)"]
[Site "masterchessopen.com Borne (Netherlands)"]
[Date "2012.08.07"]
[Round "2"]
[White "Van Foreest Lucas"]
[Black "Van Hoorn Frank"]
[Result "1-0"]
[WhiteElo "1977"]
[BlackElo "1832"]

1.d4 Nf6 2.c4 g6 3.Nc3 Bg7 4.e4 d6 5.Nf3 O-O 6.Be2 e5 7.O-O Nc6 8.d5 Ne7 9.b4
Ne8 10.c5 f5 11.Bc4 h6 12.Re1 f4 13.Nd2 g5 14.f3 h5 15.Nf1 g4 16.Be2 Nf6 17.a4
Ng6 18.c6 bxc6 19.dxc6 Nh4 20.Ra2 Qe8 21.b5 Qg6 22.Kh1 Nxg2 23.Bc4+ d5 24.Nxd5
Nxe1 25.Ne7+ {#r} 1-0

[Event "Ch Norway (open)"]
[Site "masterchessopen.com Oslo (Norway)"]
[Date "2004.04.11"]
[Round "9"]
[White "Larsen Tor Kristian (NOR)"]
[Black "Hagesaether Ellen (NOR)"]
[Result "0-1"]
[WhiteElo "2053"]
[BlackElo "2188"]

1.Nf3 g6 2.c4 Bg7 3.e4 d6 4.d4 Nf6 5.Nc3 O-O 6.Be2 e5 7.O-O Nc6 8.d5 Ne7 9.b4
Nh5 10.Re1 Nf4 11.Bxf4 exf4 12.Rc1 h6 13.Nd4 g5 14.Bh5 a5 15.bxa5 Rxa5 16.a4
Ng6 17.Bxg6 fxg6 18.Ne6 Bxe6 19.dxe6 Bxc3 20.Rxc3 Qf6 21.Qb3 Rc5 22.Rh3 g4
23.Rxh6 Kg7 {#R} 0-1

[Event "Ch Pan-American (juniors) (under 18)"]
[Site "masterchessopen.com Guaymallen (Argentina)"]
[Round "1"]
[White "Pacheco Marco (PER)"]
[Black "Etchevers Ignacio (URU)"]
[Result "1-0"]
[WhiteElo "2204"]
[BlackElo "2202"]

1.d4 Nf6 2.c4 g6 3.Nc3 Bg7 4.e4 d6 5.Nf3 O-O 6.Be2 e5 7.O-O Nc6 8.d5 Ne7 9.b4
Ne8 10.c5 h6 11.a4 f5 12.Nd2 Nf6 13.f3 f4 14.Ba3 h5 15.Nc4 g5 16.b5 Ne8 17.a5
b6 18.cxb6 axb6 19.axb6 cxb6 20.Na4 Rb8 21.Bb4 Rf6 22.Naxb6 Bb7 23.Na4 Nc8
24.Na5 {#r} 1-0

[Event "Ch Paraguay"]
[Site "masterchessopen.com Asuncion (Paraguay)"]
[Round "9"]
[White "Pustilnik Iber (PAR)"]
[Black "Zarza Ronald (PAR)"]
[Result "1-0"]
[WhiteElo "1968"]
[BlackElo "2061"]

1.d4 Nf6 2.c4 g6 3.Nc3 Bg7 4.e4 d6 5.Nf3 O-O 6.Be2 e5 7.O-O Nc6 8.d5 Ne7 9.b4
Nh5 10.Re1 f5 11.Ng5 Nf4 12.Bxf4 exf4 13.Rc1 h6 14.Ne6 Bxe6 15.dxe6 c6 16.Bf1
Be5 17.Qb3 Kh7 18.Rcd1 Qc7 19.exf5 Nxf5 20.Rxe5 d5 21.Rxf5 Rxf5 22.cxd5 f3
23.d6 Qd8 24.e7 Qd7 25.g3 Rf6 26.Ne4 {#r} 1-0

[Event "Ch Paris (open)"]
[Site "masterchessopen.com Paris (France)"]
[Round "9"]
[White "Guyard Bertrand (FRA)"]
[Black "Lefranc Benoit (FRA)"]
[Result "0-1"]
[WhiteElo "2241"]
[BlackElo "2062"]

1.d4 Nf6 2.c4 g6 3.Nc3 Bg7 4.e4 d6 5.Be2 O-O 6.Nf3 e5 7.O-O Nc6 8.d5 Ne7 9.b4
Nh5 10.Qb3 Nf4 11.Bxf4 exf4 12.Rad1 h6 13.c5 g5 14.e5 dxe5 15.d6 Nf5 16.h3
cxd6 17.Nb5 e4 18.Nh2 e3 19.Nf3 exf2+ 20.Rxf2 Ne3 21.Rxd6 Qe7 22.Bc4 a5 23.a3
axb4 24.axb4 Ra1+ 25.Kh2 g4 {#R} 0-1

[Event "Ch Paris (open)"]
[Site "masterchessopen.com Paris (France)"]
[Round "1"]
[White "Thetis Jimmy (FRA)"]
[Black "Timoshenko Georgy (UKR)"]
[Result "0-1"]
[WhiteElo "2149"]
[BlackElo "2557"]

1.d4 Nf6 2.c4 g6 3.Nc3 Bg7 4.e4 d6 5.Nf3 O-O 6.Be2 e5 7.O-O Nc6 8.d5 Ne7 9.b4
Nh5 10.Re1 f5 11.c5 Nf6 12.cxd6 cxd6 13.Nd2 Kh8 14.Ba3 Bh6 15.Bf3 Bd7 16.Nb3
Qb6 17.Na5 Rac8 18.Qb3 Bd2 19.Nc4 Rxc4 {#R} 0-1

[Event "Ch Peru"]
[Site "masterchessopen.com Peru"]
[Round "11"]
[White "Cruz Filemon (PER)"]
[Black "Nina Miguel (PER)"]
[Result "1-0"]
[WhiteElo "2360"]
[BlackElo "2310"]

1.d4 Nf6 2.c4 g6 3.Nc3 Bg7 4.e4 d6 5.Nf3 O-O 6.Be2 e5 7.O-O Nc6 8.d5 Ne7 9.b4
a5 10.bxa5 Rxa5 11.Nd2 b6 12.Nb3 Ra8 13.a4 Nd7 14.Be3 f5 15.f3 f4 16.Bf2 g5
17.a5 bxa5 18.Nxa5 Nf6 19.c5 h5 20.Qb3 Ba6 21.Nc6 {#r} 1-0

[Event "Ch Poland (team) (2nd liga)"]
[Site "masterchessopen.com Poland"]
[Date "2003.09.07"]
[Round "2"]
[White "Szczechowicz Bartosz (POL)"]
[Black "Ograbek Grzegorz (POL)"]
[Result "1-0"]
[WhiteElo "2281"]
[BlackElo "2161"]

1.d4 Nf6 2.Nf3 g6 3.c4 Bg7 4.Nc3 O-O 5.e4 d6 6.Be2 e5 7.O-O Nc6 8.d5 Ne7 9.b4
Nh5 10.Re1 f5 11.Ng5 Nf6 12.Bf3 fxe4 13.Ncxe4 Nf5 14.Ne6 Bxe6 15.dxe6 Nxe4
16.Bxe4 c6 17.b5 Nd4 18.bxc6 bxc6 19.Be3 Rc8 20.Bxd4 exd4 21.e7 {#r} 1-0

[Event "Ch Poland (team) (2nd liga)"]
[Site "masterchessopen.com Polanica Zdroj (Poland)"]
[Round "6"]
[White "Bachorczyk Marcin (POL)"]
[Black "Moldawski Tomasz (POL)"]
[Result "0-1"]
[WhiteElo "2089"]
[BlackElo "2060"]

1.d4 Nf6 2.c4 g6 3.Nc3 Bg7 4.e4 d6 5.Be2 O-O 6.Nf3 e5 7.O-O Nc6 8.d5 Ne7 9.b4
Ne8 10.c5 f5 11.Ng5 Nf6 12.Qb3 h6 13.Ne6 Bxe6 14.dxe6 fxe4 15.cxd6 cxd6 16.Bc4
d5 17.Bxd5 Nfxd5 18.Nxe4 Qb6 19.b5 a6 20.Ba3 Qxb5 {#R} 0-1

[Event "Ch Poland (team) (2nd liga)"]
[Site "masterchessopen.com Polanica Zdroj (Poland)"]
[Round "3"]
[White "Kapral Krzysztof (POL)"]
[Black "Szydelko Kazimierz (POL)"]
[Result "1-0"]
[WhiteElo "2183"]
[BlackElo "2063"]

1.d4 Nf6 2.Nf3 g6 3.c4 Bg7 4.Nc3 O-O 5.e4 d6 6.Be2 Nc6 7.O-O e5 8.d5 Ne7 9.b4
a5 10.Ba3 axb4 11.Bxb4 Nd7 12.a4 f5 13.a5 Nc5 14.Nd2 Na6 15.Ba3 c5 16.dxc6
bxc6 17.Nb3 Rf6 18.Qd2 Bb7 19.Rad1 Nc8 20.c5 Bf8 {#r} 1-0

[Event "Ch Poland (team) (2nd liga)"]
[Site "masterchessopen.com Polanica Zdroj (Poland)"]
[Round "3"]
[White "Wesolowski Tadeusz (POL)"]
[Black "Kmak Wieslaw (POL)"]
[Result "1-0"]
[WhiteElo "2221"]
[BlackElo "2019"]

1.d4 Nf6 2.c4 g6 3.Nc3 Bg7 4.e4 d6 5.Be2 O-O 6.Nf3 e5 7.O-O Nc6 8.d5 Ne7 9.b4
Ne8 10.c5 f5 11.Nd2 fxe4 12.Ndxe4 Bf5 13.f3 Nf6 14.cxd6 cxd6 15.Be3 a5 16.b5
Rc8 17.Nxf6+ Bxf6 18.Ne4 Bg7 19.Qd2 b6 20.Rac1 Bxe4 {#r} 1-0

[Event "Ch Portugal"]
[Site "masterchessopen.com Barreiro (Portugal)"]
[Round "1"]
[White "Damaso Rui (POR)"]
[Black "Candeias Humberto (POR)"]
[Result "1-0"]
[WhiteElo "2386"]
[BlackElo "2087"]

1.Nf3 Nf6 2.c4 g6 3.Nc3 Bg7 4.e4 d6 5.d4 O-O 6.Be2 e5 7.O-O Nc6 8.d5 Ne7 9.b4
Nd7 10.a4 a5 11.bxa5 Nc5 12.Ba3 h6 13.Nd2 f5 14.Bxc5 dxc5 15.Nb3 b6 16.axb6
cxb6 17.d6 Nc6 18.Qd5+ Rf7 19.exf5 Qg5 20.f4 exf4 21.fxg6 Qxd5 22.cxd5 {#r}
1-0

[Event "Ch Portugal (team) (1 div)"]
[Site "masterchessopen.com Matosinhos (Portugal)"]
[Date "2012.07.28"]
[Round "8"]
[White "Hoffmann Michael (GER)"]
[Black "Teixeira Rafael Goltsman (POR)"]
[Result "1-0"]
[WhiteElo "2482"]
[BlackElo "2107"]

1.d4 Nf6 2.c4 g6 3.Nc3 Bg7 4.e4 d6 5.Nf3 O-O 6.Be2 e5 7.O-O Nc6 8.d5 Ne7 9.b4
Kh8 10.Nd2 a5 11.bxa5 Rxa5 12.a4 Neg8 13.Ba3 Ne8 14.c5 f5 15.Nc4 Ra8 16.cxd6
cxd6 17.Qb3 Ngf6 18.Qb6 Qxb6 19.Nxb6 Rb8 20.Nb5 Nxe4 21.Rac1 {#r} 1-0

[Event "Ch Region (seniors)"]
[Site "masterchessopen.com Ruhrgebiet (Germany)"]
[Round "8"]
[White "Podzielny Karl-Heinz (GER)"]
[Black "Hellbing Horst"]
[Result "0-1"]
[WhiteElo "2490"]
[BlackElo "1960"]

1.d4 Nf6 2.Nf3 g6 3.c4 Bg7 4.Nc3 d6 5.e4 O-O 6.Be2 e5 7.O-O Nc6 8.d5 Ne7 9.b4
Nd7 10.a4 f5 11.Ba3 Nf6 12.Nd2 Bh6 13.Bf3 a6 14.Nb3 Bd7 15.Re1 fxe4 16.Nxe4
Nxe4 17.Bxe4 Bxa4 18.c5 Nf5 19.Bb2 Bb5 20.Qg4 Qf6 {#R} 0-1

[Event "Ch Romania (team)"]
[Site "masterchessopen.com Romania"]
[Round "4"]
[White "Van Wely Loek (NED)"]
[Black "Golubev Mikhail (UKR)"]
[Result "1-0"]
[WhiteElo "2643"]
[BlackElo "2523"]

1.d4 Nf6 2.c4 g6 3.Nc3 Bg7 4.e4 d6 5.Nf3 O-O 6.Be2 e5 7.O-O Nc6 8.d5 Ne7 9.b4
Nh5 10.g3 f5 11.Ng5 Nf6 12.f3 f4 13.b5 fxg3 14.hxg3 h6 15.Ne6 Bxe6 16.dxe6 Qc8
17.Nd5 Qxe6 18.Nxc7 Qh3 19.Rf2 Rac8 20.Rh2 Qxg3+ 21.Rg2 Qh3 22.Qxd6 Rf7 23.c5
Bf8 24.Ne6 {#r} 1-0

[Event "Ch Russia (1/2 final)"]
[Site "masterchessopen.com Arkhangelsk (Russia)"]
[Round "9"]
[White "Kravtsov Sergey (RUS)"]
[Black "Bogachkov Igor (RUS)"]
[Result "0-1"]
[WhiteElo "2325"]
[BlackElo "2356"]

1.d4 Nf6 2.c4 g6 3.Nc3 Bg7 4.e4 d6 5.Nf3 O-O 6.Be2 e5 7.O-O Nc6 8.d5 Ne7 9.b4
a5 10.bxa5 Nh5 11.g3 f5 12.Nd2 Nf6 13.f3 fxe4 14.fxe4 Bh3 15.Rf2 Qd7 16.Bf1
Bxf1 17.Nxf1 Rxa5 {#R} 0-1

[Event "Ch Russia (juniors) (under 16)"]
[Site "masterchessopen.com Dagomys (Russia)"]
[Round "0"]
[White "Makarov Sergey (RUS)"]
[Black "Okara Andrey (RUS)"]
[Result "1-0"]
[WhiteElo "2212"]
[BlackElo "2210"]

1.d4 Nf6 2.Nf3 g6 3.c4 Bg7 4.Nc3 O-O 5.e4 d6 6.Be2 e5 7.O-O Nc6 8.d5 Ne7 9.b4
Nh5 10.Re1 f5 11.Ng5 Nf4 12.Bxf4 exf4 13.Rc1 a5 14.b5 b6 15.Bf3 h6 16.Ne6 Bxe6
17.dxe6 Bxc3 18.Rxc3 Rb8 19.e5 dxe5 20.Rd3 Qe8 21.Rxe5 Rd8 22.Rd7 {#r} 1-0

[Event "Ch Russia (juniors) (under 20)"]
[Site "masterchessopen.com Ufa (Russia)"]
[Round "3"]
[White "Stepanov Evgeny (RUS)"]
[Black "Dolomatov Nikolai (RUS)"]
[Result "1-0"]
[WhiteElo "1783"]
[BlackElo "2196"]

1.d4 Nf6 2.c4 g6 3.Nc3 Bg7 4.e4 d6 5.Be2 O-O 6.Nf3 e5 7.O-O Nc6 8.d5 Ne7 9.b4
Nd7 10.Nd2 f5 11.c5 dxc5 12.bxc5 Nxc5 13.Ba3 b6 14.Bxc5 bxc5 15.Nb3 Kh8 16.Qd2
Qd6 17.Nb5 Qb6 18.Rac1 a6 19.d6 cxd6 20.Nxd6 Be6 21.Nxc5 Rfd8 22.Rfd1 Bxa2
23.Ncb7 Qxb7 24.Qxa2 Rxd6 25.Rxd6 fxe4 26.Rcd1 {#r} 1-0

[Event "Ch Russia (students)"]
[Site "masterchessopen.com Ufa (Russia)"]
[Date "2004.05.09"]
[Round "5"]
[White "Vlasov Andrey (RUS)"]
[Black "Zverev Artem (RUS)"]
[Result "0-1"]
[WhiteElo "2263"]
[BlackElo "2114"]

1.Nf3 Nf6 2.c4 g6 3.Nc3 Bg7 4.d4 O-O 5.e4 d6 6.Be2 e5 7.O-O Nc6 8.d5 Ne7 9.b4
a5 10.Ba3 axb4 11.Bxb4 Nd7 12.a4 f5 13.Qb3 Nf6 14.c5 fxe4 15.cxd6 cxd6 16.Ng5
Kh8 17.Ngxe4 Nxe4 18.Nxe4 Nf5 19.Qa3 Qh4 20.Ng3 Bd7 21.Nxf5 Rxf5 22.Bxd6 Rxa4
23.Qb3 Rxa1 24.Rxa1 Qxf2+ 25.Kh1 Qxe2 {#R} 0-1

[Event "Ch Russia (w)"]
[Site "masterchessopen.com Smolensk (Russia)"]
[Date "2007.06.02"]
[Round "1"]
[White "Shumiakina Tatiana (RUS)"]
[Black "Airapetian Tatevik (RUS)"]
[Result "1-0"]
[WhiteElo "2361"]
[BlackElo "2193"]

1.d4 Nf6 2.Nf3 g6 3.c4 Bg7 4.Nc3 O-O 5.e4 d6 6.Be2 e5 7.O-O Nc6 8.d5 Ne7 9.b4
a5 10.bxa5 Rxa5 11.Nd2 Nd7 12.Nb3 Ra8 13.a4 f5 14.c5 Nf6 15.f3 f4 16.Ba3 h5
17.a5 h4 18.Nb5 Ne8 19.Rc1 Bh6 20.Nxc7 Qxc7 21.cxd6 Qd7 22.dxe7 Rf6 23.d6 h3
24.Qd5+ Kh7 25.Bb5 {#r} 1-0

[Event "Ch SCG (team) (Premier League)"]
[Site "masterchessopen.com Belgrade (Yugoslavia)"]
[Date "2005.10.02"]
[Round "2"]
[White "Jovanovic Zoran (CRO)"]
[Black "Djuran Nikola (SRB)"]
[Result "1-0"]
[WhiteElo "2520"]
[BlackElo "2216"]

1.d4 Nf6 2.c4 g6 3.Nc3 Bg7 4.e4 O-O 5.Nf3 d6 6.Be2 e5 7.O-O Nc6 8.d5 Ne7 9.b4
Nh5 10.Re1 Nf4 11.Bf1 f5 12.Bxf4 exf4 13.e5 h6 14.Rc1 g5 15.exd6 cxd6 16.Nd4
Ng6 17.Ne6 Bxe6 18.dxe6 Ne7 19.Nb5 a6 20.Nxd6 Qb6 21.a3 Rad8 22.c5 Qc7 23.Qh5
b6 24.Nf7 Rxf7 25.Qxf7+ Kh8 {#r} 1-0

[Event "Ch SibFO (open)"]
[Site "masterchessopen.com Prokopevsk (Russia)"]
[Round "3"]
[White "Pavlov Oleg (RUS)"]
[Black "Peshkov Nikita (RUS)"]
[Result "1-0"]
[WhiteElo "2239"]
[BlackElo "1981"]

1.d4 Nf6 2.Nf3 g6 3.c4 Bg7 4.Nc3 d6 5.e4 O-O 6.Be2 e5 7.O-O Nc6 8.d5 Ne7 9.b4
Nh5 10.Re1 Nf4 11.Bf1 f5 12.Bxf4 exf4 13.e5 Kh8 14.Qd2 dxe5 15.Nxe5 g5 16.Rab1
Ng6 17.Nxg6+ hxg6 18.Rb3 Bd7 19.c5 Qf6 20.Nb5 c6 21.Rh3+ Kg8 22.dxc6 Bxc6
23.Bc4+ Rf7 24.Nd6 Rd8 25.Rd3 Be4 26.Nxe4 {#r} 1-0

[Event "Ch Slovakia (open)"]
[Site "masterchessopen.com Banska Stiavnica (Slovakia)"]
[Date "2007.07.08"]
[Round "2"]
[White "Najgebauer Szemjon (UKR)"]
[Black "Mesaros Jan (SVK)"]
[Result "1-0"]
[WhiteElo "2122"]
[BlackElo "1955"]

1.d4 Nf6 2.c4 g6 3.Nc3 Bg7 4.e4 d6 5.Nf3 O-O 6.Be2 e5 7.O-O Nc6 8.d5 Ne7 9.b4
Nd7 10.a4 f5 11.Nd2 Nf6 12.Ba3 a5 13.c5 axb4 14.Bxb4 Ne8 15.Nc4 Rf6 16.cxd6
cxd6 17.a5 Bd7 18.Qb3 Nc8 19.f3 f4 20.Na4 Bxa4 21.Rxa4 Ne7 22.Be1 Qd7 23.Rb4
{#r} 1-0

[Event "Ch Slovakia (team) 1997/98 (2 liga) (a)"]
[Site "masterchessopen.com Slovakia"]
[Round "0"]
[White "Kebis Milos (SVK)"]
[Black "Lauf Pavol (SVK)"]
[Result "0-1"]
[WhiteElo "2008"]
[BlackElo "2117"]

1.c4 Nf6 2.d4 g6 3.Nc3 Bg7 4.Nf3 d6 5.e4 O-O 6.Be2 e5 7.O-O Nc6 8.d5 Ne7 9.b4
Nh5 10.Be3 f5 11.exf5 gxf5 12.Bg5 h6 13.Bd2 Nf6 14.Qc2 Ng6 15.Rac1 Qe7 16.Ne1
e4 17.c5 Bd7 18.Qb3 Kh8 19.Nb5 Bxb5 20.Bxb5 f4 21.Nc2 Ng4 22.Bc3 f3 23.g3 Nf4
24.Be1 Qg5 25.Kh1 Nxh2 26.Ne3 Qh5 {#R} 0-1

[Event "Ch Switzerland (team) 2001"]
[Site "masterchessopen.com Switzerland"]
[Round "1"]
[White "Kuemin Simon (SUI)"]
[Black "Vuilleumier Alex (SUI)"]
[Result "1-0"]
[WhiteElo "2300"]
[BlackElo "2150"]

1.d4 Nf6 2.c4 g6 3.Nc3 Bg7 4.e4 d6 5.Nf3 O-O 6.Be2 e5 7.O-O Nc6 8.d5 Ne7 9.b4
Nh5 10.Re1 c6 11.g4 Nf4 12.Bf1 f5 13.Bxf4 exf4 14.e5 dxe5 15.Nxe5 cxd5 16.cxd5
Bd7 17.Bc4 Kh8 18.Qd3 Rc8 19.d6 Bxe5 20.Rxe5 Nc6 21.Re7 Rf6 22.Nd5 Nxe7
23.dxe7 {#r} 1-0

[Event "Ch Switzerland (team) 2012"]
[Site "masterchessopen.com Switzerland"]
[Date "2012.09.22"]
[Round "6"]
[White "Bous Florian (GER)"]
[Black "Rusev Aleksandar (BUL)"]
[Result "0-1"]
[WhiteElo "2090"]
[BlackElo "2259"]

1.d4 Nf6 2.c4 g6 3.Nc3 Bg7 4.e4 d6 5.Nf3 O-O 6.Be2 e5 7.O-O Nc6 8.d5 Ne7 9.b4
a5 10.Ba3 axb4 11.Bxb4 Nd7 12.a4 Bh6 13.Nd2 f5 14.Nb3 Nf6 15.f3 Be3+ 16.Kh1
Nh5 17.Qd3 f4 18.g4 Nf5 19.exf5 Qh4 20.gxh5 Rxf5 21.Bd1 Qxh2+ 22.Kxh2 Rxh5+
23.Kg2 Bh3+ {#R} 0-1

[Event "Ch Turkey"]
[Site "masterchessopen.com Kemer (Turkey)"]
[Date "2011.02.11"]
[Round "8"]
[White "Ersahin Bulent (TUR)"]
[Black "Barissever Erdogan (TUR)"]
[Result "1-0"]
[WhiteElo "2160"]
[BlackElo "1959"]

1.d4 Nf6 2.c4 g6 3.Nc3 Bg7 4.e4 d6 5.Nf3 O-O 6.Be2 e5 7.O-O Nc6 8.d5 Ne7 9.b4
Nh5 10.Re1 f5 11.Ng5 Nf6 12.Bf3 c6 13.Bb2 h6 14.Ne6 Bxe6 15.dxe6 fxe4 16.Nxe4
Nxe4 17.Rxe4 d5 18.cxd5 cxd5 19.Rxe5 Bxe5 20.Bxe5 Qb6 21.Qd2 Kh7 22.Re1 Rxf3
23.gxf3 Nf5 24.Qxd5 Qxb4 25.Qd7+ Qe7 26.Bf6 {#r} 1-0

[Event "Ch Ukraine (open)"]
[Site "masterchessopen.com Alushta (Ukraine)"]
[Round "0"]
[White "Malakhatko Vadim (BEL)"]
[Black "Kobylkin Evgeni (UKR)"]
[Result "1-0"]
[WhiteElo "2537"]
[BlackElo "2320"]

1.Nf3 Nf6 2.c4 g6 3.Nc3 Bg7 4.e4 O-O 5.d4 d6 6.Be2 e5 7.O-O Nc6 8.d5 Ne7 9.b4
Nh5 10.Re1 Nf4 11.Bf1 a5 12.bxa5 Rxa5 13.a4 Bg4 14.h3 Bd7 15.Ra3 h6 16.Bxf4
exf4 17.e5 dxe5 18.Nxe5 Bc8 19.f3 Nf5 20.Ne4 c6 21.d6 Be6 22.Qd2 g5 23.Qb4 b6
24.c5 bxc5 25.Nxc5 Nxd6 {#r} 1-0

[Event "Ch Ukraine (team)"]
[Site "masterchessopen.com Alushta (Ukraine)"]
[Round "1"]
[White "Eljanov Pavel (UKR)"]
[Black "Kobylkin Evgeni (UKR)"]
[Result "1-0"]
[WhiteElo "2522"]
[BlackElo "2409"]

1.d4 Nf6 2.Nf3 g6 3.c4 Bg7 4.Nc3 O-O 5.e4 d6 6.Be2 e5 7.O-O Nc6 8.d5 Ne7 9.b4
Nh5 10.Re1 Nf4 11.Bf1 h6 12.c5 f5 13.Nd2 g5 14.g3 Nfg6 15.Nc4 f4 16.Be2 Kh7
17.a4 Ng8 18.Ba3 Qf6 19.Bf1 h5 20.Qc2 Rf7 21.b5 Bf8 22.b6 axb6 23.cxd6 Bxd6
24.Bxd6 cxd6 25.Nb5 Rg7 26.Nxb6 {#r} 1-0

[Event "Ch Ukraine (team)"]
[Site "masterchessopen.com Simferopol (Ukraine)"]
[Round "0"]
[White "Karpman Vadim (UKR)"]
[Black "Balber G"]
[Result "1-0"]
[WhiteElo "2382"]
[BlackElo "2330"]

1.d4 Nf6 2.c4 g6 3.Nc3 Bg7 4.e4 d6 5.Be2 O-O 6.Nf3 e5 7.O-O Nc6 8.d5 Ne7 9.b4
Nd7 10.Ba3 f5 11.c5 Nf6 12.b5 fxe4 13.Nd2 e3 14.fxe3 Nf5 15.Nc4 Bh6 16.Bc1 e4
17.cxd6 cxd6 18.g4 Nh4 19.h3 Qe7 20.Ba3 Nf3+ 21.Bxf3 exf3 22.Bxd6 Bxe3+ 23.Kh1
{#r} 1-0

[Event "Ch Uruguay"]
[Site "masterchessopen.com Montevideo (Uruguay)"]
[Round "8"]
[White "Curi Gabriel (URU)"]
[Black "Crosa Martin (URU)"]
[Result "0-1"]
[WhiteElo "2271"]
[BlackElo "2446"]

1.d4 g6 2.c4 d6 3.Nc3 Bg7 4.Nf3 Nf6 5.e4 O-O 6.Be2 e5 7.O-O Nc6 8.d5 Ne7 9.b4
a5 10.Ba3 axb4 11.Bxb4 b6 12.a4 Ne8 13.a5 c5 14.axb6 Rxa1 15.Qxa1 cxb4 16.Na4
Bd7 17.c5 Bxa4 18.Qxa4 dxc5 19.Qb5 Nd6 20.Qxc5 Nec8 21.Rb1 Qxb6 22.Qxb6 Nxb6
23.Rxb4 Nd7 24.Nd2 Ra8 {#R} 0-1

[Event "Ch Uruguay"]
[Site "masterchessopen.com Uruguay"]
[Round "0"]
[White "Bauza Alejandro (URU)"]
[Black "Roselli Juan Pablo (URU)"]
[Result "0-1"]
[WhiteElo "2205"]
[BlackElo "2123"]

1.d4 Nf6 2.Nf3 g6 3.c4 Bg7 4.Nc3 d6 5.e4 O-O 6.Be2 e5 7.O-O Nc6 8.d5 Ne7 9.b4
Nd7 10.Be3 f5 11.exf5 gxf5 12.Ng5 Nf6 13.f4 exf4 14.Bd4 Ng6 15.Nh3 Bh6 16.Bh5
Ng4 17.Bxg6 hxg6 18.Nxf4 Qh4 19.h3 Qg3 20.hxg4 Bxf4 21.Qf3 Qh2+ 22.Kf2 fxg4
23.Qe4 Bf5 {#R} 0-1